Годы без войны: Роман; Кн. 1

গ্রন্থ-পঞ্জীর বিবরন
প্রধান লেখক: Ананьев А. А. Анатолий Андреевич
সংক্ষিপ্ত:Исключено из фонда НТБ ТПУ
ভাষা:রুশ
প্রকাশিত: Москва, Советский писатель, 1978
বিন্যাস: MixedMaterials গ্রন্থ
KOHA link:https://koha.lib.tpu.ru/cgi-bin/koha/opac-detail.pl?biblionumber=131794

MARC

LEADER 00000nam0a2200000 4500
001 131794
005 20231031134615.0
020 |a RU  |b 79-79529 
035 |a (RuTPU)RU\TPU\book\142725 
090 |a 131794 
100 |a 20080222g1978 m a0rusy5003 ca 
101 0 |a rus 
102 |a RU 
105 |a a z 000ay 
200 1 |a Годы без войны  |e Роман  |h Кн. 1  |f А. А. Ананьев 
210 |a Москва  |c Советский писатель  |d 1978 
215 |d 20 см.  |a 319 с.  |c портр., ил. 
305 |a Изд. выходит с 1978 г. 
333 |a Исключено из фонда НТБ ТПУ 
700 1 |a Ананьев  |b А. А.  |g Анатолий Андреевич  |4 070 
801 0 |a RU  |b RuMRKP  |c 19950704  |g psbo 
801 1 |a RU  |b 63413507  |c 20080222  |g PSBO 
801 2 |a RU  |b 63413507  |c 20161110  |g PSBO 
942 |c BK